000
00234nam a2200109Ia 4500
999
_c
9357
_d
9357
020
_a
978-0321393616
100
_a
Neil A.Weiss
245
0
_a
Introductory Statistics
260
_a
New Delhi
_b
Addison
_c
2004
300
_a
96
942
_c
BK